Evaluation of selected quality of life indicators in LAG "Dolná Nitra"
Hodnotenie vplyvu Programu rozvoja vidieka Slovenska (2007-2013), meraného na vzrastaní kvality života vo vybraných regiónoch. Porovnanie výsledkov samospráv, ktoré boli a ktoré neboli súčasťou verejno-súkromného partnerstva. Článok skúma ukazovatele kvality života, týkajúce sa zamestnania a kvality...
Salvato in:
| Autore principale: | |
|---|---|
| Altri autori: | |
| Natura: | Capitolo di libro |
| Lingua: | inglese |
| Soggetti: | |
| Tags: |
Nessun Tag, puoi essere il primo ad aggiungerne!!
|
MARC
| LEADER | 00000naa a2200000 4500 | ||
|---|---|---|---|
| 001 | 0227533 | ||
| 005 | 20231013070925.6 | ||
| 041 | 0 | |a eng | |
| 044 | |a SK | ||
| 245 | 1 | 0 | |a Evaluation of selected quality of life indicators in LAG "Dolná Nitra" |c Ingrida Baková, Pavol Schwarcz |
| 520 | |a Hodnotenie vplyvu Programu rozvoja vidieka Slovenska (2007-2013), meraného na vzrastaní kvality života vo vybraných regiónoch. Porovnanie výsledkov samospráv, ktoré boli a ktoré neboli súčasťou verejno-súkromného partnerstva. Článok skúma ukazovatele kvality života, týkajúce sa zamestnania a kvality práce. | ||
| 610 | 2 | 0 | |a kvalita života |
| 610 | 2 | 0 | |a regióny |
| 610 | 2 | 0 | |a Slovensko |
| 610 | 2 | 0 | |a kvalita práce |
| 100 | 1 | |a Baková, Ingrida | |
| 700 | 1 | |a Schwarcz, Pavol | |